|
|
|
|
| LEADER |
01509njm a2200505 a 4500 |
| 001 |
000197486 |
| 003 |
CZ BrMZK |
| 005 |
19950101143423.0 |
| 008 |
950101s1996 xr f cze d |
| 028 |
0 |
1 |
|a 8 52820 4
|b Monitor-EMI
|
| 040 |
|
|
|a BOA001
|b cze
|
| 041 |
1 |
|
|a cze
|a eng
|
| 080 |
|
|
|a 784.4(086.7)
|2 MRF
|
| 100 |
1 |
|
|a Csáková, Ilona,
|d 1970-
|7 jn20000400426
|4 prf
|
| 245 |
1 |
0 |
|a Pink
|h [zvukový záznam] /
|c Ilona Csáková.
|
| 246 |
3 |
3 |
|a Tenhle kluk
|
| 246 |
3 |
3 |
|a To jsem byla já
|
| 246 |
3 |
3 |
|a Tón pro tebe
|
| 246 |
3 |
3 |
|a Vrať se zpátky domů
|
| 246 |
3 |
3 |
|a Zvon
|
| 246 |
3 |
3 |
|a Život znova začíná
|
| 246 |
3 |
3 |
|a Čas
|
| 246 |
3 |
3 |
|a Čistý víno
|
| 246 |
3 |
3 |
|a Anděl a hřích
|
| 246 |
3 |
3 |
|a Bylo by to krásný
|
| 246 |
3 |
3 |
|a Chci něco víc
|
| 246 |
3 |
3 |
|a I want a lover
|
| 246 |
3 |
3 |
|a Léto
|
| 246 |
3 |
3 |
|a Massachusetts
|
| 246 |
3 |
3 |
|a Pink
|
| 246 |
3 |
3 |
|a Pátá
|
| 246 |
3 |
3 |
|a Ráj
|
| 246 |
3 |
3 |
|a Svatba pod Bezdězem
|
| 260 |
|
|
|a Praha :
|b Monitor-EMI,
|c p1996
|
| 300 |
|
|
|a 1 MC :
|b Dolby systém +
|e 1 složený list.
|
| 306 |
|
|
|a 005600
|
| 500 |
|
|
|a Nahr. neuv
|
| 500 |
|
|
|a Durata 56:00
|
| 505 |
2 |
|
|a Pink, Léto, Bylo by to krásný ... [et al.]
|
| 653 |
0 |
|
|a big beat
|a populární hudba
|a populární písně
|
| 710 |
2 |
|
|a Amsterdam (hudební skupina)
|7 kn20010709234
|4 prf
|
| 910 |
|
|
|a BOA001
|b KZ-0004.575
|
| 964 |
|
|
|a Hudba populární
|x MC
|
| 990 |
|
|
|a AV
|
| 996 |
6 |
|
|b 261H004665
|c KZ-0004.575
|l MZK
|r Sklad / do 24 hodin
|n 0
|p p.v.
|w 000197486
|u 000010
|a 1
|e BOA001
|j MZK50
|s P
|